Načítá se...

Financial Services

Podrobná bibliografie
Hlavní autor: Gurusamy, S
Médium: Printed Book
Vydáno: Vijay Nicole Imprints Private Limited: Chennai 2011
Vydání:2 edition
Témata:
LEADER 00561nam a2200193 4500
020 |a 8182090733  |c 450 
082 |a 658.15S GUR 
100 |a Gurusamy, S 
245 |a Financial Services  |c Gurusamy, S 
250 |a 2 edition 
260 |a Vijay Nicole Imprints Private Limited: Chennai  |c 2011 
300 |a 590 p 
490
500
590 |a Dreamtech  |b D 
650 |a Financial services 
942 |c BK 
999 |c 144376  |d 144376 
952 |0 0  |1 0  |4 0  |6 658_000000000000000_15S_GUR  |7 0  |9 157836  |a IMK  |b IMK  |g 450.00  |l 0  |o 658.15S GUR  |p IMK10737  |r 2019-10-25  |w 2019-10-25  |y BK